000
00335nam a2200145Ia 4500
008
090122s9999 xx 000 0 und d
082
_b
8924
_a
891.463
100
_a
भावे
_b
अपर्णा
245
_a
धग
600
_a
भावे
630
_a
धग
700
_a
भावे
730
_a
धग
942
_c
BOOK
999
_c
33001
_d
33001